| 000 | 00672nam a22001575i 4500 | ||
|---|---|---|---|
| 001 | 171733 | ||
| 003 | ES-MaACL | ||
| 005 | 20250830063110.0 | ||
| 008 | 090527s1918 sp |||| | spa d | ||
| 100 | 1 |
_aSoler y Pérez, Francisco, _d1887-1922 _9107201 |
|
| 245 | 1 | 3 |
_aLa crisis rural _b: indefensión de España, desnacionalización del suelo, depauperación de la raza, insuficiencia de producción, crédito agrícola, cuestiones previas a la creación del Banco Nacional Agrario : ensayo / _cFrancisco Soler y Pérez. |
| 260 |
_aMadrid : _bFrancisco Beltran, _c1918. |
||
| 300 |
_a86 p. ; _c18 cm. |
||
| 852 |
_aES-MaACL _j1488-F-5 |
||
| 999 |
_c171733 _d171733 |
||